| 000 | 00819cam a2200265 4500 | ||
|---|---|---|---|
| 008 | 090401t1993 xxu||||| |||| 00| 0 eng d | ||
| 020 | _a0905488148 | ||
| 035 | _a(Sirsi) u62950 | ||
| 041 | _aeng | ||
| 050 | _a696 | ||
| 100 | _aFrampton, D.I. | ||
| 245 | _aBuilding engineering services: a practice manual for quantity surveyors. Volume one: mechanical services technology. | ||
| 260 |
_aNottingham _bNottingham Trent University _c1993 |
||
| 300 | _av,184p. : ill. ; 30cm. | ||
| 350 | _a15 | ||
| 650 | _aBUILDING ENGINEERING SERVICES | ||
| 650 |
_aBlock management _96220 |
||
| 650 | _aMECHANICAL SERVICES | ||
| 650 | _aQUANTITY SURVEYORS | ||
| 690 |
_aBlock management _96220 |
||
| 700 |
_aWinfield, Roger _xEditor |
||
| 710 |
_aNottingham Trent University _9672 |
||
| 942 | _n0 | ||
| 948 | _c04/03/1997 | ||
| 999 |
_c94493 _d94493 |
||